| 000 | 00359nam a2200145Ia 4500 | ||
|---|---|---|---|
| 008 | 230917s9999||||xx |||||||||||||| ||und|| | ||
| 040 |
_e101857 _aMAIN |
||
| 041 | _aEnglish | ||
| 082 | _a005.73 G959D | ||
| 100 | _aGupta, Amit | ||
| 245 | 0 | _aData structures through C | |
| 260 |
_aNew Delhi _bGalgotia Book Service _c2003 |
||
| 300 | _a271 p. | ||
| 942 | _cBK | ||
| 999 |
_c111515 _d111515 |
||